000 00616nam a2200193 i 4500
001 145893
003 ES-MaACL
005 20250930063124.0
007 t|
008 071017s1972 sp ||||1| spa d
100 0 _aGarcilaso de la Vega,
_d1501-1536
_955471
245 1 0 _aPoesías castellanas completas /
_cGarcilaso de la Vega ; edición, introducción y notas de Elías L. Rivers.
250 _a[2ª ed.].
260 _aMadrid :
_bCastalia,
_c[1972]
300 _a211 p., 3 lám. ;
_c18 cm.
700 1 _aRivers, Elias L.
_997715
852 _aES-MaACL
_jE-8482
_bR.92635
999 _c145893
_d145893